000 01087nam a2200289 i 4500
003 EG-GICUC
005 20260305223450.0
008 260305s1933 us ||||fr|||| 001 0 eng d
040 _aEG-GiCUC
_beng
_cEG-GiCUC
_dEG-GiCUC
_eRda
082 0 4 _221
_a341
_bPR
092 0 4 _221
099 _aLaw1 11 341 PR 1933
111 _aProceedings of the Fifth Conference of Teachers of International Law and Related Subjects
_n(5:
_d1933:
_cWashington)
245 0 0 _aProceedings of the Fifth Conference of Teachers of International Law and Related Subjects /
_n
264 1 _aWashington :
_bCarnegie Endowment for International Peace,
_c1933.
300 _a219page :
_billustration ;
_c 24 cm.
336 _2rda contenu
_a texte
337 _2rda medias
_aOrdinateur
338 _2 transporteur rda
_a Ressource en ligne
504 _aIncludes bibliographical references and index.
546 _aText in English
650 1 4 _aPublic international law
_2
651 1 _2
856 4 0 _uhttps://fll.law.cu.edu.eg/fulltext/bks/B11-08783.pdf
905 _a50
942 _2ddc
_cBK
_e21
_n0
999 _c65131
_d65131